00704cam a2200217 a 4500003000400000005001700004008004100021020001500062050002600077082002200103100001900125110001700144245010400161250001800265260006200283300002600345650003200371650003700403700002100440710002500461OSt20140310181658.0930108s1992 ph 000 0 eng  a971085112800aKPM 1744 b.N793 1992 aHS 342 bN62 1992 aNolledo, Jose 1 aPhilippines.14aThe 1987 constitution of the Philippines :bwith highlights of the new constitution /cJose Nolledo a1992 rev. ed. aMandaluyong City :bPhilippine Graphic Arts, Inc.cc1992. axxix, 79 p. ;c22 cm. 0aConstitutionszPhilippines. 0aConstitutional lawzPhilippines.1 aNolledo, Jose N.2 aNational Book Store.